[Event "IECC CL5-2004.26 email"]
[Site "IECC email"]
[Date "2004.10.22"]
[Round "?"]
[White "Schulze, Ralf Peter"]
[Black "Matthews, Michael"]
[Result "0-1"]
[WhiteElo "1396"]
[BlackElo "1659"]
[PlyCount "88"]
[EventDate "2004.??.??"]
[EventType "tourn (corr)"]
[EventRounds "4"]
[SourceTitle "Corr 2008"]
[Source "ChessBase"]
[SourceDate "2008.06.24"]
[SourceVersion "1"]
[SourceVersionDate "2008.06.24"]
[SourceQuality "1"]

1. e4 e5 2. Nf3 Nf6 3. Nxe5 d6 4. Nf3 Nxe4 5. Qe2 Qe7 6. Nc3 Nxc3 7. bxc3 Bg4 8. Bb2 Nc6 9. c4 Nb4 10. 0-0-0 Nxa2+ 11. Kb1 Nb4 12. Re1 Bxf3 13. Qxe7+ Bxe7 14. Bxg7 Rg8 15. Bf6 Nc6 16. gxf3 Kf8 17. Bb2 Bg5 18. d4 Re8 19. Rxe8+ Kxe8 20. Bd3 h5 21. d5 Ne5 22. Re1 Bf4 23. h4 Kf8 24. Re4 Bh2 25. Ka2 Rg2 26. Bd4 b6 27. Be2 f5 28. Re3 Bf4 29. Ra3 a5 30. Bxe5 Bxe5 31. f4 Rxf2 32. Bf3 Rxc2+ 33. Kb1 Rb2+ 34. Kc1 Bf6 35. Bxh5 Rb4 36. Kd2 Rxc4 37. Bg6 Rxf4 38. h5 Kg7 39. Ke3 Bg5 40. Rc3 Kf6 41. Kd3 Rf3+ 42. Kc2 Rxc3+ 43. Kxc3 Ke5 44. Kc4 f4 0-1

[Event "IECC CL5-2004.18 email"]
[Site "IECC email"]
[Date "2004.06.28"]
[Round "?"]
[White "Schulze, Ralf Peter"]
[Black "Von Rosenberg, Clemens"]
[Result "1/2-1/2"]
[WhiteElo "1341"]
[BlackElo "1443"]
[PlyCount "42"]
[EventDate "2004.??.??"]
[EventType "tourn (corr)"]
[EventRounds "4"]
[SourceTitle "Corr 2008"]
[Source "ChessBase"]
[SourceDate "2008.06.24"]
[SourceVersion "1"]
[SourceVersionDate "2008.06.24"]
[SourceQuality "1"]

1. d4 Nf6 2. Nf3 e6 3. c4 Bb4+ 4. Bd2 Qe7 5. e3 0-0 6. c5 Bxd2+ 7. Nbxd2 d5 8. Rc1 c6 9. Be2 Nbd7 10. 0-0 e5 11. Nh4 g6 12. Nhf3 e4 13. Ne1 Ne8 14. Qa4 f5 15. Nc2 g5 16. f4 g4 17. b4 Nc7 18. Na3 a6 19. Nab1 Nf6 20. Rfe1 h5 21. Qd1 Qh7 1/2-1/2

[Event "IECC CL6-2004.02 email"]
[Site "IECC email"]
[Date "2004.01.17"]
[Round "?"]
[White "Schulze, Ralf Peter"]
[Black "Siggens, Geoff"]
[Result "1-0"]
[WhiteElo "1324"]
[BlackElo "1357"]
[PlyCount "115"]
[EventDate "2004.??.??"]
[EventType "tourn (corr)"]
[EventRounds "4"]
[SourceTitle "Corr 2008"]
[Source "ChessBase"]
[SourceDate "2008.06.24"]
[SourceVersion "1"]
[SourceVersionDate "2008.06.24"]
[SourceQuality "1"]

1. e4 c5 2. Nc3 Nc6 3. Nf3 g6 4. d4 cxd4 5. Nxd4 Bg7 6. Be3 b6 7. Bc4 Bb7 8. Nxc6 Bxc6 9. Qd2 Nf6 10. f3 0-0 11. 0-0-0 d6 12. Kb1 Bb7 13. Bb3 Rc8 14. Rhe1 Nd7 15. Bd4 Bxd4 16. Qxd4 a5 17. Ba4 Nc5 18. Bb5 Ne6 19. Qd3 Rc5 20. Qe3 Qc7 21. f4 Ng7 22. g4 Rd8 23. Rd2 Ne8 24. Qd3 Nf6 25. g5 Nh5 26. Rf1 Bc6 27. Bxc6 Qxc6 28. Nd5 Qd7 29. Nxb6 Qb5 30. Qxb5 Rxb5 31. Nd5 e6 32. Ne7+ Kf8 33. Nc6 Rd7 34. Ne5 Rd8 35. Nc4 Ke8 36. Nxd6+ Ke7 37. Rfd1 Rbb8 38. e5 Kf8 39. Rd4 Rb6 40. b3 Ng7 41. Nc4 Rxd4 42. Rxd4 Ra6 43. Rd8+ Ke7 44. Rh8 Nf5 45. Rxh7 a4 46. Rh8 axb3 47. axb3 Ra7 48. c3 Kd7 49. Kb2 Rc7 50. Rf8 Ke7 51. Ra8 Kd7 52. Kc2 Kc6 53. Rf8 Kc5 54. Rb8 Rd7 55. Rc8+ Kb5 56. b4 Ka6 57. Kb3 Kb7 58. Rf8 1-0

[Event "IECG CP.2003.P.00002 email"]
[Site "IECG email"]
[Date "2003.10.01"]
[Round "?"]
[White "Amann, Klaus"]
[Black "Schulze, Ralf Peter"]
[Result "1/2-1/2"]
[WhiteElo "1992"]
[BlackElo "1000"]
[PlyCount "57"]
[EventDate "2003.10.01"]
[EventType "tourn (corr)"]
[EventRounds "6"]
[EventCountry "GER"]
[SourceTitle "Corr 2008"]
[Source "ChessBase"]
[SourceDate "2008.06.24"]
[SourceVersion "1"]
[SourceVersionDate "2008.06.24"]
[SourceQuality "1"]

1. e4 e5 2. Bc4 Nf6 3. Nc3 Nc6 4. d3 Na5 5. Nge2 Bc5 6. 0-0 c6 7. a3 Nxc4 8. dxc4 0-0 9. Bg5 d5 10. exd5 Be7 11. Bxf6 Bxf6 12. Qd3 Bg5 13. Rad1 f5 14. Kh1 e4 15. Qd4 Qb6 16. Qxb6 axb6 17. f3 Re8 18. fxe4 fxe4 19. h3 e3 20. g4 h5 21. gxh5 Bxh3 22. Rg1 Re5 23. Kh2 Bd7 24. Ne4 Be7 25. N4g3 Bd6 26. Kg2 cxd5 27. cxd5 Rg5 28. Rde1 Re8 29. c3 1/2-1/2

[Event "IECG CP.2003.P.00002 email"]
[Site "IECG email"]
[Date "2003.10.01"]
[Round "?"]
[White "Bendig, Frank"]
[Black "Schulze, Ralf Peter"]
[Result "1-0"]
[WhiteElo "2453"]
[BlackElo "1000"]
[PlyCount "111"]
[EventDate "2003.10.01"]
[EventType "tourn (corr)"]
[EventRounds "6"]
[EventCountry "GER"]
[SourceTitle "Corr 2008"]
[Source "ChessBase"]
[SourceDate "2008.06.24"]
[SourceVersion "1"]
[SourceVersionDate "2008.06.24"]
[SourceQuality "1"]

1. Nf3 Nf6 2. b3 d5 3. Bb2 e6 4. g3 c5 5. Bg2 Bd6 6. 0-0 0-0 7. d3 Nc6 8. Nbd2 e5 9. e3 Qc7 10. h3 Rd8 11. Qe2 Re8 12. c4 d4 13. Ng5 Bf5 14. Nde4 Nxe4 15. Nxe4 Bf8 16. a3 Rad8 17. g4 Bg6 18. f4 Bxe4 19. Bxe4 Bd6 20. exd4 Nxd4 21. Bxd4 exd4 22. Qf2 Re6 23. g5 Rde8 24. Qh4 h6 25. Qg4 Kh8 26. f5 Bh2+ 27. Kh1 Rb6 28. Ra2 Be5 29. Qh5 Bf4 30. f6 Bxg5 31. fxg7+ Kxg7 32. Raf2 Rf6 33. Rxf6 Bxf6 34. Qg4+ Bg5 35. h4 Rh8 36. b4 b6 37. bxc5 bxc5 38. Bd5 f6 39. Rb1 h5 40. Qe6 Qf4 41. Qf7+ Kh6 42. hxg5+ Qxg5 43. Rf1 Qh4+ 44. Kg1 Qg4+ 45. Bg2 f5 46. Rxf5 Rg8 47. Rf6+ Rg6 48. Qf8+ Kh7 49. Rf7+ Rg7 50. Rxg7+ Qxg7 51. Qxc5 Kg6 52. Qd5 Qf6 53. c5 Kg7 54. Qd7+ Kf8 55. c6 Qe7 56. Qxd4 1-0

[Event "IECC KO email"]
[Site "IECC email"]
[Date "2003.09.29"]
[Round "?"]
[White "Harper, Roy"]
[Black "Schulze, Ralf Peter"]
[Result "1/2-1/2"]
[WhiteElo "1077"]
[BlackElo "1041"]
[PlyCount "101"]
[EventDate "2003.??.??"]
[EventType "tourn (corr)"]
[EventRounds "6"]
[SourceTitle "Corr 2008"]
[Source "ChessBase"]
[SourceDate "2008.06.24"]
[SourceVersion "1"]
[SourceVersionDate "2008.06.24"]
[SourceQuality "1"]

1. e4 e5 2. Nf3 Nf6 3. Bc4 Nxe4 4. Nc3 Nd6 5. Bb3 e4 6. Qe2 Qe7 7. Nd4 Nc6 8. Nd5 Nxd4 9. Nxe7 Nxe2 10. Nxc8 Nd4 11. Nxd6+ Bxd6 12. 0-0 0-0 13. d3 exd3 14. cxd3 Nxb3 15. axb3 Rfe8 16. Be3 Re5 17. Bf4 Rb5 18. Bxd6 cxd6 19. Rfc1 Rxb3 20. Rxa7 Rb8 21. g3 Kf8 22. Rca1 Rxb2 23. R1a4 b5 24. Re4 Rd2 25. Rxd7 Rxd3 26. Rf4 f6 27. Rg4 g5 28. Rxh7 Kg8 29. Rd7 b4 30. Re4 Rd5 31. Ree7 Re5 32. Rg7+ Kf8 33. Rdf7+ Ke8 34. Rxf6 b3 35. Rg8+ Ke7 36. Rxb8 Kxf6 37. Rxb3 Re4 38. Rf3+ Ke5 39. Rf8 Rd4 40. Kg2 d5 41. h3 Rc4 42. Kf3 Ke6 43. Rh8 Rb4 44. Rh5 Kf6 45. Rh6+ Ke5 46. g4 Rb3+ 47. Kg2 d4 48. h4 d3 49. hxg5 Rb1 50. f4+ Kxf4 51. Rd6 1/2-1/2

[Event "IECC CL8-2003.19 email"]
[Site "IECC email"]
[Date "2003.09.09"]
[Round "?"]
[White "Ballueder, Volker"]
[Black "Schulze, Ralf Peter"]
[Result "0-1"]
[WhiteElo "972"]
[BlackElo "968"]
[PlyCount "56"]
[EventDate "2003.??.??"]
[EventType "tourn (corr)"]
[EventRounds "4"]
[SourceTitle "Corr 2008"]
[Source "ChessBase"]
[SourceDate "2008.06.24"]
[SourceVersion "1"]
[SourceVersionDate "2008.06.24"]
[SourceQuality "1"]

1. e4 d5 2. exd5 e6 3. Nc3 exd5 4. d4 Nf6 5. Bg5 Be7 6. Nf3 0-0 7. Bd3 c5 8. 0-0 Nc6 9. Bxf6 Bxf6 10. Re1 cxd4 11. Nb5 Bg4 12. h3 Bxf3 13. Qxf3 a6 14. Na3 h6 15. Qf5 g6 16. Qf3 Qd6 17. c4 dxc3 18. bxc3 Bxc3 19. Nc2 Bxe1 20. Rxe1 Rfe8 21. Rxe8+ Rxe8 22. Ne3 d4 23. Ng4 Re1+ 24. Bf1 d3 25. Nxh6+ Kg7 26. Nxf7 Qd4 27. Ng5 Rxf1+ 28. Kxf1 Qa1+ 0-1

[Event "IECC Swiss email"]
[Site "IECC email"]
[Date "2003.05.21"]
[Round "?"]
[White "Sahlberg, Mauri Olavi"]
[Black "Schulze, Ralf Peter"]
[Result "1-0"]
[WhiteElo "1428"]
[BlackElo "935"]
[PlyCount "51"]
[EventDate "2003.??.??"]
[EventType "tourn (corr)"]
[EventRounds "6"]
[SourceTitle "Corr 2008"]
[Source "ChessBase"]
[SourceDate "2008.06.24"]
[SourceVersion "1"]
[SourceVersionDate "2008.06.24"]
[SourceQuality "1"]

1. e4 e5 2. Nf3 Nc6 3. d4 exd4 4. Nxd4 Qh4 5. Nb5 Qxe4+ 6. Be2 Bb4+ 7. N1c3 Bxc3+ 8. bxc3 Kd8 9. 0-0 Nf6 10. Be3 Nd5 11. Qd2 Nxe3 12. fxe3 Qe7 13. Nd4 Nxd4 14. exd4 d5 15. Rae1 Be6 16. c4 c6 17. cxd5 Bxd5 18. c4 Be6 19. d5 Qc5+ 20. Kh1 cxd5 21. cxd5 Bxd5 22. Rd1 Ke7 23. Qg5+ Kf8 24. Rxd5 Qc2 25. Rd8+ Rxd8 26. Qxd8# 1-0

[Event "IECC CL8-2003.01 email"]
[Site "IECC email"]
[Date "2003.01.10"]
[Round "?"]
[White "Travis, Brent"]
[Black "Schulze, Ralf Peter"]
[Result "1-0"]
[WhiteElo "1000"]
[BlackElo "975"]
[PlyCount "69"]
[EventDate "2003.??.??"]
[EventType "tourn (corr)"]
[EventRounds "4"]
[SourceTitle "Corr 2008"]
[Source "ChessBase"]
[SourceDate "2008.06.24"]
[SourceVersion "1"]
[SourceVersionDate "2008.06.24"]
[SourceQuality "1"]

1. e4 e5 2. Nf3 d5 3. Bd3 Nf6 4. Nc3 d4 5. Ne2 c5 6. Nxe5 Bd6 7. Nc4 0-0 8. e5 Ng4 9. Nxd6 f6 10. 0-0 fxe5 11. Ng3 Qxd6 12. Qe2 Re8 13. Ne4 Qh6 14. h3 Nf6 15. Bc4+ Be6 16. d3 Nc6 17. Bxh6 gxh6 18. Nxf6+ Kf8 19. Nxe8 Rxe8 20. a3 Ke7 21. Bxe6 Kxe6 22. Qh5 Kd7 23. Rae1 b5 24. f4 Re6 25. fxe5 Kc7 26. Qf7+ Re7 27. Qh5 b4 28. Rf7 Kb6 29. Rxe7 Nxe7 30. axb4 cxb4 31. Qxh6+ Kb5 32. Qxh7 Nc6 33. b3 Kc5 34. e6 Nd8 35. Qc7+ 1-0

[Event "IECC KO email"]
[Site "IECC email"]
[Date "2002.11.02"]
[Round "?"]
[White "Miller, Warren Ray"]
[Black "Schulze, Ralf Peter"]
[Result "0-1"]
[WhiteElo "1064"]
[BlackElo "990"]
[PlyCount "42"]
[EventDate "2002.??.??"]
[EventType "tourn (corr)"]
[EventRounds "6"]
[SourceTitle "Corr 2008"]
[Source "ChessBase"]
[SourceDate "2008.06.24"]
[SourceVersion "1"]
[SourceVersionDate "2008.06.24"]
[SourceQuality "1"]

1. e4 e5 2. Nf3 d5 3. d4 exd4 4. exd5 Bc5 5. Nxd4 Nf6 6. Bb5+ c6 7. dxc6 0-0 8. Be3 a6 9. cxb7 Bxb7 10. Be2 Ne4 11. 0-0 Nc6 12. Nxc6 Bxc6 13. Bxc5 Nxc5 14. Qxd8 Raxd8 15. Nc3 Rd2 16. b4 Ne6 17. b5 axb5 18. Bxb5 Nd4 19. Bxc6 Nxc6 20. Rac1 f5 21. Rfd1 Rxd1+ 0-1